Motorways in the UK - Statistics

General Stats
  • This quiz has been taken 265 times
  • The average score is 40 of 68
Answer Stats
Motorway % Correct
M2
100%
M3
100%
M4
100%
M6
100%
M1
99%
M5
99%
M8
97%
M9
95%
M11
93%
M25
92%
M20
90%
M18
88%
M40
88%
M60
87%
M62
87%
M42
86%
M23
85%
M50
84%
M61
84%
M27
83%
M26
82%
M56
82%
M55
81%
M69
81%
M66
80%
M53
79%
M54
79%
M57
79%
M65
79%
M74
79%
M45
78%
M48
78%
M58
78%
M67
78%
M80
78%
M49
77%
M32
75%
M77
75%
M90
74%
M73
73%
A1(M)
56%
M180
48%
M6 Toll
44%
A3(M)
39%
M181
30%
A74(M)
28%
A38(M)
27%
A8(M)
27%
M602
24%
M606
24%
A57(M)
22%
A58(M)
21%
M271
21%
M275
21%
M621
21%
A48(M)
20%
A64(M)
19%
A66(M)
19%
M898
19%
M876
18%
A404(M)
17%
A167(M)
15%
A194(M)
13%
A601(M)
11%
A308(M)
10%
A627(M)
10%
A329(M)
9%
A823(M)
9%
No matching quizzes found
Score Distribution
Percent of People with Each Score
Percentile by Number Answered
Your Score History
You have not taken this quiz